国公立単科大学 - Statistics

General Stats
  • This quiz has been taken 243 times
  • The average score is 27 of 67
Answer Stats
都道府県 学部 大学 % Correct
北海道 教育学部 北海道教育大学
90%
北海道 商学部 小樽商科大学
90%
北海道 畜産学部 帯広畜産大学
90%
北海道 理工学部 室蘭工業大学
82%
北海道 工学部 北見工業大学
80%
北海道 医学部 旭川医科大学
78%
秋田県 国際教養学部 国際教養大学
70%
宮城県 教育学部 宮城教育大学
70%
大阪府 教育学部 大阪教育大学
69%
愛知県 教育学部 愛知教育大学
65%
滋賀県 医学部 滋賀医科大学
65%
京都府 教育学部 京都教育大学
64%
静岡県 医学部 浜松医科大学
63%
京都府 医学部 京都府立医科大学
63%
鹿児島県 体育学部 鹿屋体育大学
63%
京都府 工芸科学部 京都工芸繊維大学
62%
東京都 教育学部 東京学芸大学
61%
奈良県 教育学部 奈良教育大学
60%
奈良県 医学部 奈良県立医科大学
60%
福岡県 教育学部 福岡教育大学
57%
兵庫県 学校教育学部 兵庫教育大学
56%
徳島県 学校教育学部 鳴門教育大学
54%
福島県 コンピュータ理工学部 会津大学
48%
兵庫県 外国語学部 神戸市外国語大学
48%
新潟県 学校教育学部 上越教育大学
47%
東京都 情報理工学域 電気通信大学
46%
岐阜県 薬学部 岐阜薬科大学
46%
北海道 システム情報科学部 公立はこだて未来大学
45%
奈良県 地域創造学部 奈良県立大学
45%
岐阜県 看護学部 岐阜県立看護大学
36%
北海道 経済学部 釧路公立大学
34%
北海道 保健福祉学部 名寄市立大学
34%
三重県 看護学部 三重県立看護大学
34%
群馬県 工学部 前橋工科大学
33%
石川県 生物資源環境学部 石川県立大学
32%
石川県 看護学部 石川県立看護大学
31%
宮崎県 看護学部 宮崎県立看護大学
31%
新潟県 看護学部 新潟県立看護大学
30%
沖縄県 看護学部 沖縄県立看護大学
29%
秋田県 美術学部 秋田公立美術大学
28%
新潟県 造形学部 長岡造形大学
28%
埼玉県 保健医療福祉学部 埼玉県立大学
26%
福岡県 歯学部 九州歯科大学
26%
長野県 看護学部 長野県看護大学
25%
愛知県 工学部 豊橋技術科学大学
24%
青森県 経営経済学部 青森公立大学
22%
山形県 保健医療学部 山形県立保健医療大学
22%
愛知県 教育学部 名古屋教育大学
22%
青森県 健康科学部 青森県立保健大学
20%
神奈川県 保険福祉学部 神奈川県立保健福祉大学
20%
兵庫県 看護学部 神戸市看護大学
20%
広島県 ソーシャルシステムデザイン学部 叡啓大学
19%
北海道 理工学部 公立千歳科学技術大学
18%
新潟県 工学部 三条市立大学
18%
岡山県 健康科学部 新見公立大学
18%
神奈川県 看護学部 川崎市立看護大学
17%
石川県 美術工芸学部 金沢美術工芸大学
17%
山口県 経済学部 下関市立大学
17%
茨城県 保健医療学部 茨城県立医療大学
16%
山形県 健康栄養学部 山形県立米沢栄養大学
14%
千葉県 健康科学部 千葉県立保健医療大学
14%
香川県 保健医療学部 香川県立保健医療大学
14%
大分県 看護学部 大分県立看護科学大学
12%
宮崎県 人文学部 宮崎公立大学
12%
福井県 看護学部 敦賀市立看護大学
11%
福岡県 国際文理学部 福岡女子大学
11%
愛媛県 保健科学部 愛媛県立医療技術大学
7%
No matching quizzes found
Score Distribution
Percent of People with Each Score
Percentile by Number Answered
Your Score History
You have not taken this quiz